[Event "Honor Club Chile op"]
[Site "Santiago de Chile"]
[Date "2004.05.04"]
[Round "5"]
[White "Ipinza, Marco"]
[Black "Matamala, Emiliano"]
[Result "1-0"]
[WhiteElo "2022"]
[BlackElo "2038"]
[PlyCount "79"]
[EventDate "2004.04.26"]
[EventType "swiss"]
[EventRounds "7"]
[EventCountry "CHI"]
[SourceTitle "EXT 2005"]
[Source "ChessBase"]
[SourceDate "2004.11.15"]
[SourceVersion "1"]
[SourceVersionDate "2004.11.15"]
[SourceQuality "1"]

1. d4 f5 2. c4 Nf6 3. Nc3 e6 4. f3 Bb4 5. a3 Bxc3+ 6. bxc3 0-0 7. Bg5 Qe8 8. Nh3 d6 9. e3 Qh5 10. Be2 Nbd7 11. 0-0 h6 12. Bf4 e5 13. Bg3 g5 14. f4 g4 15. fxe5 dxe5 16. dxe5 Ne4 17. Nf4 Qe8 18. Qd5+ Kh7 19. Ne6 Rf7 20. Nxc7 Qe7 21. Nxa8 Nxg3 22. hxg3 Nxe5 23. e4 b6 24. Rad1 Bb7 25. Qd8 Qc5+ 26. Kh2 Bxe4 27. Qb8 Nc6 28. Qe8 Ne5 29. Rd8 Rg7 30. Qh8+ Kg6 31. Rg8 Rxg8 32. Qxg8+ Kh5 33. Qe8+ Ng6 34. Bxg4+ Kg5 35. Be2 Bc6 36. Qd8+ Ne7 37. Nc7 Qe3 38. Bf3 Kg6 39. Bxc6 Nxc6 40. Qd6+ 1-0

[Event "La Florida CALF op"]
[Site "La Florida"]
[Date "2003.09.27"]
[Round "1.10"]
[White "Matamala, Emiliano"]
[Black "Aedo, Luis"]
[Result "1-0"]
[WhiteElo "2047"]
[BlackElo "1554"]
[PlyCount "59"]
[EventDate "2003.09.27"]
[EventType "swiss"]
[EventRounds "6"]
[EventCountry "CHI"]
[SourceTitle "CBM 097 Extra"]
[Source "ChessBase"]
[SourceDate "2004.01.13"]
[SourceVersion "1"]
[SourceVersionDate "2004.01.13"]
[SourceQuality "1"]

1. f4 Nf6 2. Nf3 Nc6 3. e3 a6 4. Be2 d5 5. 0-0 e6 6. b3 Be7 7. Bb2 0-0 8. a3 Qd6 9. d3 Ng4 10. Qc1 Bf6 11. d4 Ne7 12. Ne5 Bxe5 13. fxe5 Nxe5 14. dxe5 Qc6 15. a4 b6 16. Bf3 Nf5 17. c4 Nh4 18. Nd2 Nxf3+ 19. Nxf3 Bb7 20. Qc3 Rad8 21. Nd4 Qd7 22. c5 bxc5 23. Qxc5 c6 24. Rac1 Rc8 25. Ba3 Qc7 26. Nxe6 Qxe5 27. Nxf8 Qe8 28. Rf3 f6 29. Rh3 a5 30. Nxh7 1-0

[Event "Santiago CALF op"]
[Site "Santiago de Chile"]
[Date "2003.??.??"]
[Round "5.14"]
[White "Matamala, Emiliano"]
[Black "Romero, Cristel"]
[Result "1-0"]
[WhiteElo "1881"]
[BlackElo "100"]
[PlyCount "38"]
[EventDate "2003.??.??"]
[EventType "swiss"]
[EventRounds "9"]
[EventCountry "CHI"]
[SourceTitle "EXT 2004"]
[Source "ChessBase"]
[SourceDate "2003.11.25"]
[SourceVersion "1"]
[SourceVersionDate "2003.11.25"]
[SourceQuality "1"]

1. f4 d5 2. Nf3 c5 3. e3 e6 4. Be2 Bd6 5. 0-0 Ne7 6. b3 0-0 7. Bb2 Ng6 8. Qe1 f6 9. Qg3 e5 10. fxe5 fxe5 11. Nxe5 Rxf1+ 12. Bxf1 Qf6 13. d4 cxd4 14. exd4 Nc6 15. Nd2 Ngxe5 16. dxe5 Nxe5 17. Kh1 Qe7 18. Re1 Ng6 19. Rxe7 Bxe7 1-0